[Event "Indonesia Open 2013"]
[Site "Jakarta INA"]
[Date "2013.10.14"]
[Round "6.49"]
[White "Sonjaya, Deni"]
[Black "Azarya, Jodi Setyaki"]
[Result "1-0"]
[WhiteTitle "FM"]
[BlackTitle "CM"]
[WhiteElo "2265"]
[BlackElo "2126"]
[WhiteFideId "7101465"]
[BlackFideId "7101589"]
[EventDate "2013.10.10"]

1. e4 c5 2. b3 Nc6 3. Bb2 e6 4. Nf3 d5 5. exd5 exd5 6. Bb5 Nf6 7. O-O Be7 8. Ne5
Qb6 9. Bxc6+ bxc6 10. Re1 Be6 11. d3 Qc7 12. Nd2 O-O 13. h3 Ne8 14. Qe2 Bd6 15.
Ndf3 d4 16. a4 Nf6 17. Nc4 Bxc4 18. dxc4 Rfe8 19. Qd3 Nh5 20. Rxe8+ Rxe8 21. Re1
Rxe1+ 22. Nxe1 Qe7 23. Kf1 Nf4 24. Qf3 f5 25. g3 Nxh3 26. Qxf5 Ng5 27. Nd3 Ne4
28. Kg2 Qe8 29. Bc1 g6 30. Qf3 Bf8 31. Bf4 g5 32. Be5 Nd6 33. Bxd6 Bxd6 34. Qf6
Qe4+ 35. Kg1 Qg6 36. Qxg6+ hxg6 37. g4 Kf7 38. Kg2 Ke6 39. Kf3 a5 40. Ke4 Kf6
41. b4 cxb4 42. Kxd4 Ke7 43. c5 Bh2 44. Ne5 Bg1 45. Nxc6+ Ke6 46. Nxa5 Bxf2+ 47.
Kc4 1-0

[Event "Indonesia Open 2013"]
[Site "Jakarta INA"]
[Date "2013.10.14"]
[Round "6.50"]
[White "Yoseph, Theolifus Taher"]
[Black "Sucipto, Haryadi"]
[Result "1-0"]
[WhiteElo "2345"]
[BlackElo "2219"]
[WhiteFideId "7105347"]
[BlackFideId "7100779"]
[EventDate "2013.10.10"]

1. e4 c5 2. Nf3 Nc6 3. d4 cxd4 4. Nxd4 Nf6 5. Nc3 e6 6. Nxc6 bxc6 7. e5 Nd5 8.
Ne4 Qc7 9. f4 Ba6 10. c4 Bb4+ 11. Bd2 Nxf4 12. Bxb4 Qxe5 13. Qc2 f5 14. Bd6
Qxe4+ 15. Qxe4 fxe4 16. Bxf4 d5 17. cxd5 Bxf1 18. Rxf1 exd5 19. Be3 Ke7 20. Rc1
Rhc8 21. Bd4 g6 22. Kd2 Rab8 23. b3 Rb5 24. Rc5 Rxc5 25. Bxc5+ Ke6 26. Ke3 g5
27. b4 Ra8 28. a4 a5 29. Rf8 1-0

[Event "Indonesia Open 2013"]
[Site "Jakarta INA"]
[Date "2013.10.14"]
[Round "6.51"]
[White "Suradiradja, Herman"]
[Black "Hamdani, Rudin"]
[Result "1-0"]
[WhiteTitle "GM"]
[BlackTitle "FM"]
[WhiteElo "2215"]
[BlackElo "2339"]
[WhiteFideId "7100167"]
[BlackFideId "7100213"]
[EventDate "2013.10.10"]

1. e4 c5 2. Nf3 d6 3. d4 cxd4 4. Nxd4 Nf6 5. f3 a6 6. c4 e6 7. Be3 Be7 8. Nc3
Qc7 9. Qd2 Nbd7 10. Rc1 O-O 11. Be2 b6 12. O-O Bb7 13. Rfd1 Rac8 14. Bf1 Qb8 15.
Kh1 Rfe8 16. Bf4 Red8 17. h3 h6 18. Qe3 Re8 19. Bg3 Nh5 20. Bh2 e5 21. Nf5 Bg5
22. f4 exf4 23. Qf3 g6 24. Nxd6 Ne5 25. Qf2 Ng3+ 26. Bxg3 fxg3 27. Qc2 h5 28.
Nxe8 Rxe8 29. Nd5 Kg7 30. Qc3 Bxd5 31. cxd5 Bxc1 32. Rxc1 h4 33. Bxa6 Qd6 34.
Bb5 Ra8 35. a4 Qf6 36. Rf1 Qg5 37. d6 f6 38. Qc7+ Kh6 39. d7 Qd2 40. Qc1 Qxc1
41. Rxc1 Nxd7 42. Bxd7 Kg5 43. b4 Kf4 44. Rc6 Rd8 45. Bg4 1-0

[Event "Indonesia Open 2013"]
[Site "Jakarta INA"]
[Date "2013.10.14"]
[Round "6.52"]
[White "Khairul, Anam"]
[Black "Capitelli, Paolo"]
[Result "0-1"]
[WhiteTitle "FM"]
[WhiteElo "2301"]
[BlackElo "2089"]
[WhiteFideId "7102429"]
[BlackFideId "809330"]
[EventDate "2013.10.10"]

1. d4 Nf6 2. c4 g6 3. Nc3 Bg7 4. e4 d6 5. f3 O-O 6. Be3 e5 7. Nge2 c6 8. Qd2
Nbd7 9. d5 cxd5 10. cxd5 a6 11. g4 h5 12. g5 Nh7 13. Rg1 b5 14. Nc1 Nb6 15. b3
b4 16. Nd1 a5 17. a3 bxa3 18. Rxa3 Nd7 19. b4 a4 20. Nb2 Nb6 21. Na2 Bd7 22. Nc3
Rc8 23. Ncxa4 Nxa4 24. Nxa4 Ra8 25. b5 f5 26. Ra2 fxe4 27. Nc3 Rxa2 28. Nxa2
exf3 29. b6 Qa8 30. Kf2 Qa4 31. Nb4 Bb5 32. Bh3 Bd7 33. Be6+ Kh8 34. Rc1 Rb8 35.
Rc7 Bf8 36. Bf7 Qb5 37. Rc6 Bxc6 38. dxc6 Rxb6 39. c7 Qd7 40. Bxb6 Qg4 41. Bd5
Qg2+ 42. Ke3 Qxg5+ 43. Kd3 e4+ 44. Kc2 Qe5 45. c8=Q Qb2+ 46. Kd1 Qa1+ 47. Qcc1
Qa4+ 48. Qcc2 Qa1+ 49. Qdc1 Qe5 50. Qxe4 Qxh2 51. Qxf3 0-1

[Event "Indonesia Open 2013"]
[Site "Jakarta INA"]
[Date "2013.10.14"]
[Round "6.53"]
[White "Lim, Kian Hwa"]
[Black "Firdaus, Maksum"]
[Result "0-1"]
[BlackTitle "FM"]
[WhiteElo "1902"]
[BlackElo "2257"]
[WhiteFideId "5700744"]
[BlackFideId "7100833"]
[EventDate "2013.10.10"]

1. e4 c5 2. Nc3 e6 3. d3 Nc6 4. g3 g6 5. Bg2 Bg7 6. Be3 Qa5 7. Qd2 d6 8. Nge2
Nd4 9. Nc1 Ne7 10. O-O h5 11. h3 Nec6 12. f4 Bd7 13. Qf2 O-O-O 14. Nb3 Qb6 15.
Rfb1 Nb4 16. Rc1 Kb8 17. e5 dxe5 18. Nd1 Rhf8 19. Qd2 Bc6 20. Bxd4 exd4 21. a3
Nd5 22. Na5 h4 23. Nxc6+ bxc6 24. Bxd5 cxd5 25. g4 e5 26. b4 c4 27. Qf2 Qc7 28.
c3 e4 29. cxd4 exd3 30. Nb2 Qb6 31. Nxc4 dxc4 32. Rxc4 Bxd4 0-1

[Event "Indonesia Open 2013"]
[Site "Jakarta INA"]
[Date "2013.10.14"]
[Round "6.54"]
[White "Brokko, Margit"]
[Black "Mahmud, Syarif"]
[Result "0-1"]
[WhiteTitle "WFM"]
[BlackTitle "FM"]
[WhiteElo "2073"]
[BlackElo "2252"]
[WhiteFideId "4501098"]
[BlackFideId "7100108"]
[EventDate "2013.10.10"]

1. e4 c5 2. Nc3 Nc6 3. g3 g6 4. Bg2 Bg7 5. d3 e6 6. Be3 Nd4 7. Qd2 d6 8. Nd1 e5
9. c3 Nc6 10. f4 Nf6 11. h3 Qe7 12. Ne2 exf4 13. Bxf4 h6 14. g4 g5 15. Bh2 h5
16. gxh5 Nxh5 17. Ne3 Be6 18. d4 Nf4 19. Nxf4 gxf4 20. Nd5 Bxd5 21. dxc5 Bxe4
22. cxd6 Qh4+ 23. Kd1 f3 24. d7+ Kf8 25. Bf1 f2 26. Bd6+ Kg8 27. Rh2 Rh5 28. c4
Bf3+ 29. Kc2 Nd4+ 30. Kc3 Qf6 31. Ba3 Rd8 32. Rxf2 Rxd7 33. Bd3 Nb5+ 34. Kc2
Nxa3+ 0-1

[Event "Indonesia Open 2013"]
[Site "Jakarta INA"]
[Date "2013.10.14"]
[Round "7.1"]
[White "Ganguly, Surya Shekhar"]
[Black "Dreev, Aleksey"]
[Result "1/2-1/2"]
[WhiteTitle "GM"]
[BlackTitle "GM"]
[WhiteElo "2639"]
[BlackElo "2679"]
[WhiteFideId "5002150"]
[BlackFideId "4100107"]
[EventDate "2013.10.10"]

1. d4 d5 2. c4 c6 3. Nc3 Nf6 4. e3 g6 5. Nf3 Bg7 6. Be2 O-O 7. O-O Be6 8. b3 c5
9. Ba3 cxd4 10. Nxd4 Nc6 11. Nxe6 fxe6 12. Bb2 Qa5 13. a3 Rad8 14. Qc2 a6 15.
Rad1 d4 16. b4 Qf5 17. Qxf5 exf5 18. Nd5 Nxd5 19. cxd5 Nxb4 20. axb4 d3 21. Rxd3
Bxb2 22. f4 Rd6 23. Re1 Bf6 24. Rc1 Rfd8 25. Rdd1 Kf8 26. Bf3 Rb6 27. Rc4 e6 28.
dxe6 Rxd1+ 29. Bxd1 Rxe6 30. Rc8+ Re8 1/2-1/2

[Event "Indonesia Open 2013"]
[Site "Jakarta INA"]
[Date "2013.10.14"]
[Round "7.2"]
[White "Ivanisevic, Ivan"]
[Black "Mareco, Sandro"]
[Result "0-1"]
[WhiteTitle "GM"]
[BlackTitle "GM"]
[WhiteElo "2632"]
[BlackElo "2565"]
[WhiteFideId "912417"]
[BlackFideId "112275"]
[EventDate "2013.10.10"]

1. d4 Nf6 2. Bg5 e6 3. Nd2 h6 4. Bh4 d5 5. e3 c5 6. c3 Be7 7. Bd3 b6 8. f4 O-O
9. Nh3 Ba6 10. Bb1 Re8 11. g4 g6 12. Bg3 Nc6 13. g5 hxg5 14. Nxg5 cxd4 15. exd4
Nh5 16. Ngf3 Bf8 17. Rg1 Bh6 18. Bh4 Qc7 19. Ne5 Nxf4 20. Bf6 Be2 21. Qc2 Bh5
22. Rg3 Bg7 23. Bxg7 Kxg7 24. Rg5 Nxe5 25. Rxe5 Bg4 26. Nf1 f6 27. Re3 e5 28.
Qd2 exd4 29. cxd4 Rxe3+ 30. Nxe3 Re8 31. Kf1 Be2+ 32. Kf2 Rh8 33. Qc3 Rxh2+ 0-1

[Event "Indonesia Open 2013"]
[Site "Jakarta INA"]
[Date "2013.10.14"]
[Round "7.4"]
[White "Short, Nigel D"]
[Black "Gomez, John Paul"]
[Result "1-0"]
[WhiteTitle "GM"]
[BlackTitle "GM"]
[WhiteElo "2684"]
[BlackElo "2511"]
[WhiteFideId "400025"]
[BlackFideId "5201381"]
[EventDate "2013.10.10"]

1. e4 e6 2. d4 d5 3. Nc3 Nf6 4. Bg5 dxe4 5. Nxe4 Be7 6. Bxf6 Bxf6 7. Nf3 Nd7 8.
Bc4 O-O 9. Qe2 Be7 10. O-O-O c5 11. h4 Rb8 12. d5 exd5 13. Bxd5 Qc7 14. Neg5 Nb6
15. Qe4 g6 16. Bxf7+ Rxf7 17. Nxf7 Kxf7 18. h5 Kg7 19. hxg6 hxg6 20. g4 Bf6 21.
g5 Be7 22. Rde1 1-0

[Event "Indonesia Open 2013"]
[Site "Jakarta INA"]
[Date "2013.10.14"]
[Round "7.5"]
[White "Iturrizaga, Eduardo"]
[Black "Dao, Thien Hai"]
[Result "1/2-1/2"]
[WhiteTitle "GM"]
[BlackTitle "GM"]
[WhiteElo "2658"]
[BlackElo "2500"]
[WhiteFideId "3901211"]
[BlackFideId "12400084"]
[EventDate "2013.10.10"]

1. Nf3 d5 2. d4 Nf6 3. c4 c6 4. Nc3 dxc4 5. a4 Bf5 6. Ne5 e6 7. f3 Bb4 8. Nxc4
O-O 9. Kf2 c5 10. e4 Bxc3 11. bxc3 Bxe4 12. fxe4 Nxe4+ 13. Kg1 Nxc3 14. Qd2
Qxd4+ 15. Qxd4 cxd4 16. Bb2 Nd7 17. h4 Nc5 18. Bxc3 dxc3 19. Rh3 Nxa4 20. Rxa4
b5 21. Ra1 bxc4 22. Rxc3 Rfc8 23. Ra6 h6 24. Kf2 Rc7 25. Rxc4 Rxc4 26. Bxc4 Rc8
27. Bb5 Rc7 28. Ke3 Kf8 29. Kd4 Ke7 30. Bc6 Kd6 1/2-1/2

[Event "Indonesia Open 2013"]
[Site "Jakarta INA"]
[Date "2013.10.14"]
[Round "7.6"]
[White "Sokolov, Ivan"]
[Black "Gundavaa, Bayarsaikhan"]
[Result "1/2-1/2"]
[WhiteTitle "GM"]
[BlackTitle "GM"]
[WhiteElo "2636"]
[BlackElo "2500"]
[WhiteFideId "14400030"]
[BlackFideId "4901045"]
[EventDate "2013.10.10"]

1. d4 Nf6 2. c4 e6 3. Nc3 Bb4 4. e3 O-O 5. Bd3 c5 6. Ne2 d5 7. cxd5 cxd4 8. exd4
Nxd5 9. Bc2 Nc6 10. O-O Re8 11. Qd3 g6 12. Qf3 Qf6 13. Qe4 Bd7 14. h4 Nce7 15.
Bg5 Qg7 16. Rad1 Bc6 17. Qg4 Rac8 18. Bb3 h6 19. Bc1 Bd6 20. Rfe1 Nf5 21. Qh3 h5
22. Bg5 Be7 23. Bc2 Rcd8 24. a3 a6 25. Bb3 Rd7 26. Bxd5 Bxd5 27. Nf4 Bb3 28. Rc1
Qxd4 29. Nce2 Qb6 30. Bxe7 Rdxe7 31. Nc3 Kg7 32. g4 hxg4 33. Qxg4 Rh8 34. h5 Rh6
35. Ne4 e5 36. hxg6 fxg6 37. Ng3 Nxg3 38. Qxg3 Qf6 39. Nh3 Bd5 40. Rc3 Rh5 41.
Rce3 Bc6 42. f4 Rxh3 43. Qxh3 Qxf4 44. Qg3 Rf7 45. Kh2 Qh6+ 46. Qh3 Rf2+ 47. Kg1
Qxh3 48. Rxh3 Rg2+ 49. Kf1 Rxb2 50. Rhe3 e4 51. Kg1 Kf6 52. R1e2 Rb1+ 53. Kf2
Ke5 54. Re1 Rb2+ 55. R1e2 Rxe2+ 56. Kxe2 g5 57. Rh3 Kf4 58. Rh7 Bd5 59. Rd7 Bc4+
60. Ke1 g4 61. Rxb7 g3 62. Rc7 Bb5 63. Rf7+ Ke3 64. Rg7 Kf3 65. Rf7+ Kg4 66.
Rg7+ Kf3 67. Rf7+ Ke3 68. Rg7 Kf4 1/2-1/2

[Event "Indonesia Open 2013"]
[Site "Jakarta INA"]
[Date "2013.10.14"]
[Round "7.7"]
[White "Nguyen, Ngoc Truong Son"]
[Black "Malakhatko, Vadim"]
[Result "1/2-1/2"]
[WhiteTitle "GM"]
[BlackTitle "GM"]
[WhiteElo "2629"]
[BlackElo "2519"]
[WhiteFideId "12401110"]
[BlackFideId "14104202"]
[EventDate "2013.10.10"]

1. d4 e6 2. c4 Bb4+ 3. Bd2 a5 4. g3 d5 5. Nf3 dxc4 6. Qc2 Bxd2+ 7. Nbxd2 b5 8.
a4 c6 9. Bg2 Nf6 10. Ne4 Nd5 11. O-O Na6 12. Nc3 Nab4 13. Qd2 Ba6 14. Ne5 O-O
15. Nxc6 Nxc6 16. axb5 Nxc3 17. Bxc6 Nxb5 18. Bxa8 Qxa8 19. Qxa5 Nxd4 20. f3
Nxe2+ 21. Kg2 Bb7 22. Qe1 Nf4+ 23. gxf4 Qb8 24. Qe5 Bd5 25. Qxb8 Rxb8 26. Rf2 g6
27. Ra3 Kg7 28. Kg3 Kf6 29. h4 h5 30. Re2 Rb6 1/2-1/2

[Event "Indonesia Open 2013"]
[Site "Jakarta INA"]
[Date "2013.10.14"]
[Round "7.8"]
[White "Hoang, Thanh Trang"]
[Black "Vazquez Igarza, Renier"]
[Result "1/2-1/2"]
[WhiteTitle "GM"]
[BlackTitle "GM"]
[WhiteElo "2495"]
[BlackElo "2602"]
[WhiteFideId "12400149"]
[BlackFideId "3503054"]
[EventDate "2013.10.10"]

1. d4 Nf6 2. Nf3 e6 3. Bf4 b6 4. e3 Bb7 5. Bd3 Be7 6. h3 Bd6 7. Bxd6 cxd6 8.
Nbd2 d5 9. O-O O-O 10. Rc1 Nc6 11. c4 Nb4 12. Bb1 dxc4 13. Nxc4 Qe7 14. a3 Nc6
15. b4 b5 16. Nce5 a5 17. Bd3 axb4 18. axb4 Nxb4 19. Bxb5 d6 20. Nd3 Nxd3 21.
Bxd3 Rfc8 22. Qe2 Rxc1 23. Rxc1 Rc8 24. Rxc8+ Bxc8 25. Ba6 Qc7 26. Bxc8 Qxc8 27.
Qb2 h6 28. Nd2 Qc7 29. Nf1 d5 30. Nd2 g6 1/2-1/2

[Event "Indonesia Open 2013"]
[Site "Jakarta INA"]
[Date "2013.10.14"]
[Round "7.9"]
[White "Gupta, Abhijeet"]
[Black "Nguyen, Duc Hoa"]
[Result "0-1"]
[WhiteTitle "GM"]
[BlackTitle "IM"]
[WhiteElo "2593"]
[BlackElo "2486"]
[WhiteFideId "5010608"]
[BlackFideId "12401358"]
[EventDate "2013.10.10"]

1. d4 d5 2. c4 e6 3. Nc3 Be7 4. Bf4 Nf6 5. e3 O-O 6. Nf3 Nbd7 7. a3 dxc4 8. Bxc4
c5 9. dxc5 Nxc5 10. O-O Qxd1 11. Rfxd1 b6 12. Rac1 Bb7 13. Nd4 a6 14. b4 Nce4
15. Nxe4 Bxe4 16. f3 Bd5 17. Bf1 Rfc8 18. Rxc8+ Rxc8 19. Bxa6 Ra8 20. b5 Bxa3
21. e4 Bc4 22. Nc6 Bc5+ 23. Kh1 Ne8 24. h4 f6 25. Bb8 e5 26. Rd8 Kf7 27. Rd7+
Kf8 28. f4 exf4 29. Bxf4 Be6 30. Rd2 h6 31. Bb8 Bf7 32. Rd8 Kg8 33. Kh2 Kh7 34.
g3 Bg6 35. Kh3 h5 36. Kh2 Nd6 37. Bxd6 Rxd8 38. Bxc5 Rd2+ 39. Kg1 bxc5 40. b6 c4
41. Bxc4 Rb2 42. Bd5 Rxb6 43. Kf2 Be8 44. Nd4 Bd7 45. Ke3 Ra6 46. Kf2 g6 47. Nf3
Bg4 48. Nd4 Kg7 49. Nc2 Be6 50. Bxe6 Rxe6 51. Kf3 Rc6 52. Nd4 Rc3+ 53. Kf4 Kf7
54. Nf3 Rc4 55. Nd2 Rb4 56. g4 hxg4 57. Kxg4 Rd4 0-1

[Event "Indonesia Open 2013"]
[Site "Jakarta INA"]
[Date "2013.10.14"]
[Round "7.11"]
[White "Cao, Sang"]
[Black "Barbosa, Oliver"]
[Result "1/2-1/2"]
[WhiteTitle "GM"]
[BlackTitle "GM"]
[WhiteElo "2485"]
[BlackElo "2567"]
[WhiteFideId "725056"]
[BlackFideId "5201640"]
[EventDate "2013.10.10"]

1. e4 c6 2. d4 d5 3. e5 Bf5 4. Nf3 e6 5. Be2 Ne7 6. O-O Nd7 7. Nbd2 a6 8. c3 Nc8
9. Ne1 Bg6 10. Bd3 c5 11. Qg4 Qb6 12. Ndf3 Ne7 13. Bxg6 Nxg6 14. Nd3 Rc8 15. Rd1
Nb8 16. Be3 c4 17. Nf4 Nxf4 18. Qxf4 Nc6 19. Rd2 h6 20. h4 Qa5 21. Rdd1 Qb5 22.
Rdb1 Nd8 23. Nd2 Rc7 24. h5 Kd7 25. Qg4 Kc8 26. Qe2 Qe8 27. a4 Be7 28. b3 cxb3
29. c4 Bb4 30. c5 Bc3 31. Ra3 Bb4 32. Raa1 Bc3 33. Ra3 Bb4 1/2-1/2

[Event "Indonesia Open 2013"]
[Site "Jakarta INA"]
[Date "2013.10.14"]
[Round "7.12"]
[White "Nolte, Rolando"]
[Black "Ghaem Maghami, Ehsan"]
[Result "0-1"]
[WhiteTitle "IM"]
[BlackTitle "GM"]
[WhiteElo "2447"]
[BlackElo "2556"]
[WhiteFideId "5200636"]
[BlackFideId "12500739"]
[EventDate "2013.10.10"]

1. e4 c5 2. Nf3 e6 3. Nc3 a6 4. d4 cxd4 5. Nxd4 Qc7 6. Be2 b5 7. O-O Bb7 8. Re1
Nc6 9. Nxc6 dxc6 10. e5 Rd8 11. Bd3 c5 12. Bg5 Be7 13. Bxe7 Nxe7 14. Qh5 c4 15.
Be4 b4 16. Nd1 Rd4 17. Bxb7 Qxb7 18. Ne3 O-O 19. c3 bxc3 20. bxc3 Rd3 21. Nxc4
Rxc3 22. Nd6 Qc6 23. Rad1 Ng6 24. Qg4 Rc5 25. Qd4 Rd5 26. Qe4 Rxd1 27. Rxd1 Qxe4
28. Nxe4 Nxe5 29. Nc5 a5 30. Nb7 h6 31. Nxa5 Ra8 32. Nb3 Rxa2 33. h3 g5 34. Nc5
Kg7 35. Ne4 Ra8 36. Kh2 Kg6 37. Rd2 Rc8 38. Re2 Nc6 39. Rc2 Ne7 40. Rxc8 Nxc8
41. g3 Kf5 42. Nc5 h5 43. Kg2 Nd6 44. Kf3 Kf6 45. Nd7+ Ke7 46. Ne5 f6 47. Nd3
Nf7 48. Kg2 e5 49. Nc5 Nd6 50. Nd3 Nc4 51. Nc5 Nd2 52. Nd3 e4 53. Nb4 Kd6 54. g4
h4 55. Nc2 Ke5 56. Ne3 Kd6 57. Nf5+ Ke6 58. Ne3 Ke5 59. Kh2 Nf3+ 60. Kg2 Nd4 61.
Nc4+ Kd5 62. Ne3+ Kc5 63. Kh2 Ne6 64. Nf5 Nf4 65. Ng7 Kd4 66. Nh5 Nd5 67. Kg2
Kd3 68. Kf1 Kd2 69. Ng7 Kc3 70. Nh5 Kd4 71. Kg2 Kc4 72. Kf1 Kd3 73. Ng7 Kd4 74.
Nh5 Ke5 75. Kg2 Nf4+ 76. Kh2 Nxh5 77. gxh5 f5 0-1

[Event "Indonesia Open 2013"]
[Site "Jakarta INA"]
[Date "2013.10.14"]
[Round "7.13"]
[White "Shyam, Sundar M."]
[Black "Stefanova, Antoaneta"]
[Result "1/2-1/2"]
[WhiteTitle "GM"]
[BlackTitle "GM"]
[WhiteElo "2536"]
[BlackElo "2496"]
[WhiteFideId "5019141"]
[BlackFideId "2902257"]
[EventDate "2013.10.10"]

1. d4 d5 2. c4 c6 3. Nc3 Nf6 4. e3 a6 5. Nf3 Bf5 6. Bd3 Bxd3 7. Qxd3 e6 8. O-O
dxc4 9. Qxc4 b5 10. Qe2 c5 11. dxc5 Bxc5 12. e4 b4 13. Na4 Be7 14. b3 O-O 15.
Bb2 Ra7 16. Bd4 Rb7 17. Rac1 Qa5 18. Rc4 Qb5 19. Qc2 Nbd7 20. h3 Rd8 21. Rc1
Rbb8 22. Ba7 Ra8 23. Nd4 Qg5 24. Nc6 Re8 25. Bd4 Qb5 26. Qe2 e5 27. Bb2 Bf8 28.
Qe1 a5 29. Qe3 Qa6 30. f3 Re6 31. Kh2 Ne8 32. R4c2 Qb5 1/2-1/2

[Event "Indonesia Open 2013"]
[Site "Jakarta INA"]
[Date "2013.10.14"]
[Round "7.14"]
[White "Khamrakulov, Djurabek"]
[Black "Batchuluun, Tsegmed"]
[Result "1/2-1/2"]
[WhiteTitle "IM"]
[BlackTitle "GM"]
[WhiteElo "2442"]
[BlackElo "2529"]
[WhiteFideId "14201143"]
[BlackFideId "4900847"]
[EventDate "2013.10.10"]

1. e4 e5 2. Nf3 Nc6 3. d4 exd4 4. Nxd4 Nf6 5. Nc3 Bb4 6. Nxc6 bxc6 7. Bd3 d5 8.
exd5 cxd5 9. O-O O-O 10. h3 h6 11. Qf3 c6 12. Bf4 Bd6 13. Rfe1 Rb8 14. b3 Bxf4
15. Qxf4 Be6 16. Na4 Qa5 17. Qd6 Rbc8 18. Qc5 Qc7 19. b4 Nd7 20. Qd4 c5 21. Nxc5
Nxc5 22. Qxc5 Qxc5 23. bxc5 Rxc5 24. Reb1 Rfc8 25. Rb7 a5 26. Rab1 d4 27. R1b5
Rxb5 28. Rxb5 Bc4 29. Rxa5 Bxd3 30. cxd3 Rc1+ 31. Kh2 1/2-1/2

[Event "Indonesia Open 2013"]
[Site "Jakarta INA"]
[Date "2013.10.14"]
[Round "7.15"]
[White "Nguyen, Van Huy"]
[Black "Gopal, G.N."]
[Result "1/2-1/2"]
[WhiteTitle "IM"]
[BlackTitle "GM"]
[WhiteElo "2422"]
[BlackElo "2527"]
[WhiteFideId "12401064"]
[BlackFideId "5015693"]
[EventDate "2013.10.10"]

1. d4 Nf6 2. Nf3 g6 3. g3 Bg7 4. Bg2 d5 5. O-O c6 6. c3 O-O 7. Qb3 Nbd7 8. Bf4
Nb6 9. Nbd2 Bf5 10. a4 a5 11. Ne5 Nfd7 12. Nxd7 Bxd7 13. Rfe1 Be6 14. Nf3 h6 15.
Qa3 Nc4 16. Qb3 Nb6 17. Qa3 Nc4 18. Qb3 Nb6 19. Qa3 1/2-1/2

[Event "Indonesia Open 2013"]
[Site "Jakarta INA"]
[Date "2013.10.14"]
[Round "7.16"]
[White "Lioe, Dede"]
[Black "Vaibhav, Suri"]
[Result "1/2-1/2"]
[WhiteTitle "IM"]
[BlackTitle "GM"]
[WhiteElo "2375"]
[BlackElo "2527"]
[WhiteFideId "7100566"]
[BlackFideId "5045185"]
[EventDate "2013.10.10"]

1. e4 e5 2. Nf3 Nc6 3. Bb5 a6 4. Ba4 Nf6 5. O-O Be7 6. Re1 b5 7. Bb3 d6 8. c3
O-O 9. h3 Nb8 10. d4 Nbd7 11. Nbd2 Bb7 12. Bc2 Re8 13. Nf1 Bf8 14. Ng3 g6 15. a4
Bg7 16. Bd3 d5 17. exd5 exd4 18. Rxe8+ Qxe8 19. Nxd4 Bxd5 20. axb5 axb5 21. Rxa8
Qxa8 22. Bf1 c6 23. b3 Qa2 24. Be3 h5 25. c4 bxc4 26. bxc4 Bxc4 27. Nxc6 Bxf1
28. Nxf1 Qe6 29. Nd4 Qc4 30. Qb3 Qxb3 31. Nxb3 1/2-1/2

[Event "Indonesia Open 2013"]
[Site "Jakarta INA"]
[Date "2013.10.14"]
[Round "7.17"]
[White "Dimakiling, Oliver"]
[Black "Ehlvest, Jaan"]
[Result "1/2-1/2"]
[WhiteTitle "IM"]
[BlackTitle "GM"]
[WhiteElo "2353"]
[BlackElo "2578"]
[WhiteFideId "5202248"]
[BlackFideId "4500016"]
[EventDate "2013.10.10"]

1. c4 e6 2. Nf3 Nf6 3. Nc3 d5 4. d4 Nbd7 5. cxd5 exd5 6. g3 c6 7. Bg2 Be7 8. O-O
O-O 9. Qc2 Re8 10. Bf4 Nf8 11. Rad1 Ng6 12. Ne5 Nxf4 13. gxf4 Bd6 14. e3 Ng4 15.
e4 Qh4 16. h3 Nh6 17. exd5 Bxh3 18. Bxh3 Qxh3 19. Rd3 Qh4 20. dxc6 bxc6 21. Re1
Qxf4 22. Re4 Qf5 23. Qe2 Bxe5 24. dxe5 Re6 25. Kf1 Rae8 26. Rd7 g6 27. Rxa7 Rxe5
28. Raa4 R5e6 29. Rxe6 Rxe6 30. Re4 Rf6 31. a4 Kg7 32. Nd1 Rd6 33. Ke1 Qh3 34.
Ne3 Nf5 35. Qg4 Qh1+ 36. Nf1 h5 37. Qf4 Rd5 38. Rc4 c5 39. Qe4 Qxe4+ 40. Rxe4
Kf6 41. Nd2 h4 42. Rc4 Nd4 43. Kf1 Re5 44. Rxc5 Re2 45. Nf3 Re4 46. Nxd4 Rxd4
47. b3 Rb4 1/2-1/2

[Event "Indonesia Open 2013"]
[Site "Jakarta INA"]
[Date "2013.10.14"]
[Round "7.19"]
[White "Megaranto, Susanto"]
[Black "Senador, Emmanuel"]
[Result "1-0"]
[WhiteTitle "GM"]
[BlackTitle "IM"]
[WhiteElo "2528"]
[BlackElo "2323"]
[WhiteFideId "7101384"]
[BlackFideId "5200601"]
[EventDate "2013.10.10"]

1. Nf3 Nf6 2. d4 e6 3. c4 c5 4. e3 d5 5. Nc3 Nc6 6. a3 a6 7. cxd5 exd5 8. Be2
Bd6 9. dxc5 Bxc5 10. O-O O-O 11. Nd4 Ba7 12. Nxc6 bxc6 13. Bd2 a5 14. Rc1 Qd6
15. Bf3 Re8 16. Ne2 Ne4 17. Ng3 Nxd2 18. Qxd2 Bd7 19. e4 d4 20. Qxa5 Re5 21. Qd2
c5 22. Be2 Rb8 23. Bc4 Bb5 24. Nf5 Qf8 25. f3 Bxc4 26. Rxc4 Rb3 27. Qc2 Qb8 28.
Nxd4 Rxb2 29. Qc1 cxd4 30. Qxb2 d3+ 31. Kh1 Re8 32. Qxb8 Rxb8 33. Rc3 d2 34. Rd3
Bc5 35. Rd1 g6 36. R1xd2 Rb1+ 37. Rd1 Rxd1+ 38. Rxd1 Bxa3 39. f4 Kf8 40. g3 h5
41. Rd7 Ke8 42. Rb7 Bc5 43. Kg2 Kf8 44. Kf3 Ke8 45. h3 Kf8 46. e5 Bd4 47. Ke4
Bf2 48. g4 hxg4 49. hxg4 Bg3 50. f5 gxf5+ 51. gxf5 Bf2 52. f6 Kg8 53. Rb8+ Kh7
54. Rf8 1-0

[Event "Indonesia Open 2013"]
[Site "Jakarta INA"]
[Date "2013.10.14"]
[Round "7.21"]
[White "Munkhgal, Gombosuren"]
[Black "Masruri, Rahman"]
[Result "1/2-1/2"]
[WhiteTitle "IM"]
[WhiteElo "2400"]
[BlackElo "2222"]
[WhiteFideId "4901266"]
[BlackFideId "7101163"]
[EventDate "2013.10.10"]

1. d4 Nf6 2. c4 e6 3. Nc3 Bb4 4. f3 d5 5. a3 Bxc3+ 6. bxc3 O-O 7. e3 b6 8. cxd5
exd5 9. Bd3 Re8 10. Ne2 Ba6 11. O-O Bxd3 12. Qxd3 c5 13. Ng3 Nc6 14. Bd2 Rc8 15.
Rae1 Qd7 16. Kh1 Re6 17. Ne2 Rce8 18. Nf4 R6e7 19. g4 h6 20. Rg1 Nh7 21. h4 Nf8
22. Qf5 Rd8 23. Rg2 Na5 24. Qd3 Nb3 25. Qc2 Nxd2 26. Qxd2 Ng6 27. Nxg6 fxg6 28.
dxc5 bxc5 29. Kh2 d4 30. exd4 Rxe1 31. Qxe1 cxd4 32. cxd4 Qxd4 1/2-1/2